000 00694cam a22002293a 4500
001 45047
003 PGUSA
005 20140828084029.0
008 140301s2014||||xxu|||||s|||||000 | eng d
040 _aPGUSA
_beng
042 _adc
100 1 _aAimard, Gustave,
_d1818-1883
245 1 4 _aThe Red River Half-Breed :
_bA Tale of the Wild North-West
_h[electronic resource] /
_cGustave Aimard
260 _bProject Gutenberg,
_c2014
506 _aPublic domain in the USA.
516 _aElectronic text
700 1 _aJohn, Percy B. St.
700 1 _aWilliams, Henry Llewellyn,
_d1842-
830 0 _aProject Gutenberg
_v45047
856 4 0 _uhttp://www.gutenberg.org/ebooks/45047
942 _cEB
999 _c274298
_d274298